Statistics for Most Spoken Tonal Languages

Click here to take the quiz!

General Stats

  • This quiz has been taken 22 times
  • The average score is 17 of 31

Answer Stats

SpeakersAnswerLanguage Family% Correct
1 138 000 000MandarinSino-Tibetan
100%
87 000 000Yue Chinese (incl. Cantonese)Sino-Tibetan
100%
61 000 000ThaiKra-Dai
94%
83 000 000Wu Chinese (incl. Shanghainese)Sino-Tibetan
88%
75 000 000Min Chinese (incl. Hokkien)Sino-Tibetan
81%
47 000 000Hakka ChineseSino-Tibetan
75%
30 000 000LaoKra-Dai
75%
86 000 000VietnameseAustroasiatic
75%
20 000 000XhosaNiger-Congo
75%
27 000 000ZuluNiger-Congo
75%
38 000 000BurmeseSino-Tibetan
69%
42 000 000IgboNiger-Congo
69%
38 000 000Xiang ChineseSino-Tibetan
69%
22 000 000Gan ChineseSino-Tibetan
63%
79 000 000HausaAfroasiatic
63%
46 000 000YorubaNiger-Congo
63%
48 000 000Jin ChineseSino-Tibetan
50%
119 000 000PunjabiIndo-European
50%
15 000 000KinyarwandaNiger-Congo
44%
11 000 000KirundiNiger-Congo
44%
12 000 000SothoNiger-Congo
44%
17 000 000ZhuangKra-Dai
44%
14 000 000ShonaNiger-Congo
38%
11 000 000AkanNiger-Congo
31%
13 000 000Northern SothoNiger-Congo
31%
11 000 000TswanaNiger-Congo
31%
40 000 000LingalaNiger-Congo
25%
16 000 000LugandaNiger-Congo
25%
13 000 000ChittagonianIndo-European
13%
15 000 000BambaraNiger-Congo
6%
15 000 000IbibioNiger-Congo
6%

Score Distribution

Percentile by Number Answered

Percent of People with Each Score

Your Score History

You have not taken this quiz